Znane osoby powiązane z Toruniem - Statystyki

Ogólne statystyki
  • Ten quiz został rozwiązany 225 razy
  • Średni wynik to 6 z 13
Statystyki odpowiedzi
Hint Odpowiedź % Poprawnych
Polski astronom, twórca teorii heliocentrycznej. Urodzony w Toruniu Mikołaj Kopernik
94%
Polski ksiądz, przedsiębiorca, twórca charakterystycznego i dość znanego radia i telewizji Tadeusz Rydzyk
86%
Polski ekonomista, poseł na sejm X kadencji, kandydat na urząd Prezydenta Polski w 2025 roku, doradca podatkowy Sławomir Mentzen
84%
Polski polityk, reżyser, kandydat na prezydenta Polski w 2010 roku, były poseł IX i X kadencji - obecnie europoseł o skrajnych prawicowych poglądach. Urodzony w Toruniu w 1967 roku. Grzegorz Braun
68%
Polska aktorka wychowująca się w Toruniu, znana z seriali Rodzinka.pl i M jak miłość - (zginęła w tym serialu w dość charakterystyczny sposób) Małgorzata Kożuchowska
66%
Polityk, były minister finansów, Prezes Narodowego Banku Polskiego, twórca słynnego planu zmiany polskiej gospodarki z centralnie planowej w rynkową. Mieszkał w Toruniu. Leszek Balcerowicz
45%
Polska osobowość internetowa, zawodnik gal MMA głównie freak fightów - znany z powiązania z toruńskim klubem piłki nożnej Denis Zalęcki
41%
Prezenter telewizyjny urodzony w Toruniu, do 2024 r. kojarzony ze stacją Polsat, od 2024 r. pracujący w stacji TVN. Najbardziej znany z programu "Twoja twarz brzmi znajomo" Maciej Dowbor
33%
Streamer, znany z dramy z Rafonixem i były mieszkaniec apartamentu w Toruniu przy ulicy Urzędniczej Daniel "Magical" Zwierzyński
31%
Polski muzyk gatunku rock, członek zespołu Republika. Zaczynał karierę w lokalnym klubie "Od nowa" w Toruniu Grzegorz Ciechowski
31%
Kobieta, walcząca w galach freak fight. Mama pewnego streamera Małgorzata "Goha" Zwierzyńska
31%
Polski poeta, żyjący w latach 1924-1998, studiował na Uniwersytecie Mikołaja Kopernika w Toruniu, kandydat do Literackiej Nagrody Nobla, której nigdy nie zdobył Zbigniew Herbert
14%
Znany Rom, elektryk wysokich napięć, nie przepadający za strażą miejską, która "zabiera jego pieniądze z renty" Cygan
11%
Nie znaleziono quizów pasujących do podanych kryteriów
Rozkład punktacji
Procent ludzi z każdym wynikiem
Percentyl według liczby udzielonych odpowiedzi
Twoja historia wyników
Nie rozwiązałeś tego quizu